01005nam a2200217 a 450000100100000000500170001000800410002702000180006804000250008610000470011124500640015824600570022226000420027930000310032150000270035250000640037995201110044395201050055495201110065999900170077000004595320201002052538.0150603s2015 dr c 000 0 spa d a9789945083088 aDO-SdBNPbspacBNPHU1 aGonzález Venus, Lorenzo R.d1958-97402410aCómo aprender a estudiar. /cLorenzo R. González Venus.12aTécnicas de estudiosb(cómo aprender a estudiar) aSanto Domingo :bLeo Antillas,c2015. a103 p. :brestr. ;c22 cm. aTécnicas de estudios aIncluye datos biografícos del autor en la contracubierta. 0010718DSaGRbGRcHDd2015-06-03iLF1l0o p45953-30r2020-06-25te. 3w2020-06-25yLFDSZNo se presta 0010718PDaPDbPDcHDd2015-06-03iLF1l0o p45953-10r2020-06-25w2020-06-25yLFPDZNo se presta 0010718PDaPDbPDcHDd2015-06-03iLF1l0o p45953-20r2020-06-25te. 2w2020-06-25yLFPDZNo se presta c45442d45442